Kpop alphabet song (easy) - Statistics

General Stats
  • This quiz has been taken 331 times
  • The average score is 14 of 26
Answer Stats
Letter Group Answer % Correct
M Illit Magnetic
78%
Q Gidle Queen card
78%
E New jeans ETA
73%
B Blackpink Boombayah
71%
W Itzy Wannabe
71%
L Ive Love dive
70%
N Gidle Nxde
69%
U Le sserafim Unforgiven
64%
T Psy (feat agust d) That that
63%
X Somi Xoxo
59%
H New jeans Hype boy
58%
G Stray kids God’s menu
54%
V Stray kids Venom
54%
O Bts On
53%
Z Red velvet Zimzalabim
53%
J Treasure Jikjin
49%
C Txt Cat and dog
47%
S Enhypen Sweet venom
47%
Y Twice Yes or yes
42%
A Twice Alcohol-Free
40%
D Bts DNA
40%
F Nct 127 Fact check
38%
P Blackpink Pretty savage
35%
R Shinee Ring ding dong
35%
I Zerobaseone In bloom
34%
K Exo Kokobop
32%
No matching quizzes found
Score Distribution
Percent of People with Each Score
Percentile by Number Answered
Your Score History
You have not taken this quiz